000 00760nam a2200253Ia 4500
003 OSt
005 20220924124012.0
006 a|||||r|||| 00| 0
007 ta
008 220923b |||||||| |||| 00| 0 urd d
020 _c200
024 _a259110
037 _bMPH/6063/3, 16/01/2012, Modern Publishing House
_cTextual
040 _aARTS
_cARTS
_burd
041 _2urd
_aurd
082 _aO168,6N40x, P7
100 _aRiffat Faiyaz Au.
245 0 _aNaqad-e-agahi
260 _aNew Delhi
_b Meyari Publications India
_c2007
300 _a136p.
_ccm.
650 _aURDU PROSE
_926866
942 _hO168,6N40x, P7
_cTEXL
_2CC
999 _c418000
_d418000